000 00923nab a2200241 u 4500
001 08136
003 HDC
007 cr bn ---aaaaa
008 210129c9999 my dr|nes 0 a eng d
040 _aHDC
245 0 _aSeal Unit Buys Kedah Land for RM14.02m
260 _a[no place] :
_b[publisher not identified],
_c[no year]
336 _atext
_2rdacontent
337 _acomputer
_2rdamedia
338 _aonline resource
_2rdacarrier
650 _aKedah land
_98657
650 _aland measuring
_98656
856 _zRequest full-text at [email protected]
856 _zRequest full-text at [email protected]
942 _2lcc
942 _cNEWS
942 _kNWSC 002317
999 _c5459
_d5459